Hospodárstvo USA: tak vyzerá svetová ekonomická špička
V súčasnosti sa americkej ekonomike veľmi dobre darí. Jej ročný výkon v parite kúpnej sily prekonáva len Čína a Európska únia ako celok. Kríza je prekonaná, nezamestnanosť je rekorde nízka. Iniciatívy amerického prezidenta Donalda Trumpa, zamerané na zníženie daní a odbúravanie byrokracie v podnikan...
Saved in:
| Main Author: | |
|---|---|
| Format: | Book Chapter |
| Language: | Slovak |
| Subjects: | |
| Tags: |
No Tags, Be the first to tag this record!
|
MARC
| LEADER | 00000naa a2200000 4500 | ||
|---|---|---|---|
| 001 | 0237705 | ||
| 005 | 20221104112616.2 | ||
| 041 | 0 | |a slo | |
| 044 | |a SK | ||
| 245 | 1 | 0 | |a Hospodárstvo USA: tak vyzerá svetová ekonomická špička |c Michal Lehuta |
| 520 | |a V súčasnosti sa americkej ekonomike veľmi dobre darí. Jej ročný výkon v parite kúpnej sily prekonáva len Čína a Európska únia ako celok. Kríza je prekonaná, nezamestnanosť je rekorde nízka. Iniciatívy amerického prezidenta Donalda Trumpa, zamerané na zníženie daní a odbúravanie byrokracie v podnikaní, napomáhajú hospodárskemu rastu. Názory ekonómov ohľadom ďalšej krízy v sektore poisťovníctva. | ||
| 610 | 2 | 0 | |a USA |
| 610 | 2 | 0 | |a hospodárstvo národné |
| 610 | 2 | 0 | |a produkt národný hrubý |
| 610 | 2 | 0 | |a financie verejné |
| 610 | 2 | 0 | |a rozpočet štátny |
| 610 | 2 | 0 | |a porovnanie medzinárodné |
| 100 | 1 | |a Lehuta, Michal | |